Responses for Show #8083 - Wednesday, October 30, 2019

Steve Moulds game 3.

Contestants

[<< previous game]

Dave Bein, a culinary director from Westwood, New Jersey

Sam Benshoof, a senior communications specialist from St. Paul, Minnesota

Steve Moulds, a playwright from Louisville, Kentucky (whose 2-day cash winnings total $54,002)

[next game >>]

Jeopardy! Round responses

COLLEGE TOWNS
SPORTS TALK
A HISTORICAL RHETORICAL
"IO"-9
(Alex: 9-letter words that have the letters "I-O" in them.)
ADVERTISING
CUBA LIBRO
    $200 6
Las Vegas

Dave
    $200 2
a doughnut

Dave
    $200 1
the Northwest Passage

Sam!
    $200 14
curiosity

Triple Stumper
    $200 16
Toys "R" Us

Dave
    $200 24
The Old Man and the Sea

Sam!
    $400 7
Berkeley

Steve!
    $400 3
the butterfly stroke

Triple Stumper
    $400 11
Capone

Steve!
    $400 15
emotional

Triple Stumper
    $400 17
billboards

Steve!
    $400 25
Havana

Steve!
    $600 9
(Steve: What is Salt Lake City?)
[NOTE: This was the 380,000th clue entered into the J! Archive, on 2019-10-30.]

Provo

Steve!
Triple Stumper
    $600 4
advantage (ad-in)

Steve!
    $600 12
the Moors

Sam!
    $600 23
imitation

Dave
    $600 18
an infomercial

Dave
    $600 28
Guantánamo Bay

Steve!
    $1,400 10
(Steve: What is Athens?)
...
(Alex: The home of Cornell.)

Ithaca

Steve!
    $800 5
weave

Sam!
    $800 13
Pisa

Sam!
    $800 26
a medallion

Dave
    $800 19
Morton Salt

Steve!
    $800 29
mambo

Steve!
    $1000 21
(Dave: What is Little Rock?)

Fayetteville

Dave
Triple Stumper
    $1000 8
zone

Steve!
    $1000 22
the Maginot Line

Steve!
    $1000 27
Criterion

Steve!
    $1000 20
Stella Artois

Steve!
    $1000 30
Dennis Lehane

Triple Stumper

Scores at the first commercial break (after clue 15):

Steve! Sam! Dave
$400 $2,400 $400

Scores at the end of the Jeopardy! Round:

Steve! Sam! Dave
$6,400 $2,600 $1,600

Double Jeopardy! Round responses

ANIMALS & THEIR FOOD
GEOGRAPHIC TERMS
UNDER THE...
AMERICAN THINKERS
BORROWED FROM OTHER LANGUAGES
SOUNDS SPACEY
    $400 1
a vampire bat

Dave
    $400 7
(Sam: What is a delta?)

a mouth

Sam!Dave
    $400 3
Under the Dome

Steve!
    $400 9
illness

Triple Stumper
    $400 10
kaput

Dave
    $400 24
Pluto

Dave
    $800 2
beta-carotene

Triple Stumper
    $800 8
(Dave: What is a pasture?)

a range

Dave
Triple Stumper
    $800 4
"Under The Bridge"

Steve!
    $4,000 16
fire and brimstone

Steve!
    $800 11
hands

Steve!
    $800 25
Mars

Sam!
    $1200 21
(Alex: Don't have to fly fast to catch one of those.)

a snail

Steve!
    $2,600 20
Butte

Dave
    $1200 5
Under the Cherry Moon

Dave
    $1200 15
(Dave: What is classicist?)

stoic

Steve!Dave
    $1200 17
without musical accompaniment

Steve!
    $1200 26
Jupiter

Steve!
    $1600 22
krill

Dave
    $1600 29
Dunes

Sam!
    $1600 6
Under the Tuscan Sun

Sam!
    $1600 14
pragmaticism

Dave
    $1600 18
coup de grâce

Steve!
    $1600 27
Nova

Dave
    $2000 23
the dugong

Triple Stumper
    $2000 30
unincorporated

Dave
    $2000 12
Under the Volcano

Triple Stumper
    $2000 13
(Steve: Who is Bertrand Russell?)

Noam Chomsky

Steve!Dave
    $2000 19
zaftig

Dave
    $2000 28
Andromeda

Triple Stumper

Scores at the end of the Double Jeopardy! Round:

Steve! Sam! Dave
$16,800 $6,200 $15,800

[wagering suggestions for these scores]

Final Jeopardy! Round responses

WORLD CAPITALS
Sam!What is Wellington
$4,000
DaveWhat is Georgetown?
$15,797
Steve!What is Wellington
$14,801
Wellington

Final scores:

Steve! Sam! Dave
$31,601 $10,200 $3
3-day champion: $85,603 2nd place: $2,000 3rd place: $1,000

Game dynamics:

Coryat scores:

Steve! Sam! Dave
$15,000 $6,200 $14,400
21 R
(including 1 DD),
3 W
(including 1 DD)
8 R,
1 W
18 R
(including 1 DD),
3 W

Combined Coryat: $35,600

[game clues] [game scores] [suggest correction]

Game tape date: 2019-08-27
The J! Archive is created by fans, for fans. Scraping, republication, monetization, and malicious use prohibited; this site may use cookies and collect identifying information. See terms. The Jeopardy! game show and all elements thereof, including but not limited to copyright and trademark thereto, are the property of Jeopardy Productions, Inc. and are protected under law. This website is not affiliated with, sponsored by, or operated by Jeopardy Productions, Inc. Join the discussion at JBoard.tv.